000
00294nam a22001337a 4500
003
SGT
082
_a
370
_b
E16M
100
_a
MANOHARAN, P.K.
245
_a
EDUCATION AND PERSONALITY DEVELOPMENT
260
_a
NEW DELHI
_b
APH PUB
_c
2016
300
_a
139
650
_a
EDUCATION
942
_2
ddc
_c
BK
999
_c
12430
_d
12430